000 00317nam a2200133 i 4500
001 bg
100 1 _aKOŁODZIEJCZYK, Leon
245 0 _aCiepłownictwo :
_bleksykon /
_cL. Kołodziejczyk.
260 _aWarszawa,
_c1986.
040 _cBPK
041 _apol
942 _cKS
008 s pl f |000 0 pol
999 _c23277
_d23277
856 _uhttp://koha.tu.koszalin.pl/cgi-bin/koha/opac-detail.pl?biblionumber=23277
_yKatalog online BPK